000 00611nam a2200205 a 4500
001 11089
003 CO-ViMGA
008 141112s2004 ck r 000 u spa d
020 _a8489804125
040 _aCO-ViMGA
_bspa
_cCO-ViMGA
082 0 4 _a504.06 S458l
100 1 _aSilver, Debbie; Vallely, Bernadette
_915360
245 1 0 _aLo que tú puedes hacer para salvar la tierra
260 _aMadríd (España) :
_bLóguez,
_c2002
300 _a198.p.
650 1 4 _aCONSERVACION DEL MEDIO AMBIENTE
_915361
650 1 4 _aMEDIO AMBIENTE
_915362
650 1 4 _aPROTECCION DEL MEDIO AMBIENTE
_915363
942 _2ddc
_cBK
999 _c22304
_d22304